00000000nam##2200000za#4500
0019.667451
003CaOODSP
00520210615123532
007ta
008150407|2006||||xxc|||||     f|0| 0 eng|d
020 |a0-662-49084-3
040 |aCaOODSP|beng
041 |aeng
041 |afre
043 |an-cn---
0861 |aCH24-14/2006
1101 |aCanada.|bCanadian Heritage. |bSport Canada.
24510|aPolicy on sport for persons with a disability
260 |bCanadian Heritage. |cJune 2006.
300 |aEnglish text, 17p. : |bfig., glossary, references ; |c28 cm.
5203 |aThis policy framework outlines how various partners and stakeholders in Canada’s sport and fitness community can reduce and ultimately eliminate sport-specific barriers preventing persons with a disability from participating in sport. The document contains a vision statement, objectives, and strategies, as well as an explanation of the environmental, structural, systemic, social, and personal barriers that keep disabled persons from being full participants in Canadian society. Includes a glossary.
563 |aSoftcover
590 |a07-08|b2007-02-23
69007|aPersons with disabilities|2gcpds
69007|aSports|2gcpds
7760#|tLa politique sur le sport pour les personnes ayant un handicap |w(CaOODSP)9.632669
7760#|tPolicy on sport for persons with a disability |w(CaOODSP)9.688237
792 |tLa politique sur le sport pour les personnes ayant un handicap |efre|w(CaOODSP)9.667452